MARC

LEADER 00000nam0a2200000 4500
001 315264
005 20231102002748.0
020 |a RU  |b 82-67844 
035 |a (RuTPU)RU\TPU\book\340697 
090 |a 315264 
100 |a 20160227d1982 k y0rusy5003 ca 
101 0 |a rus 
102 |a RU 
105 |a a z 001zy 
200 1 |a Петрофизика кристаллических пород рудных районов Кольского полуострова  |f Академия наук СССР (АН СССР), Кольский научный центр (КолНЦ), Геологический институт (ГИ) 
210 |a Ленинград  |c Наука  |d 1982 
215 |a 119 с.  |c ил., 2 отд. л. ил.  |d 21 см.  |e 2 л. вкл. 
320 |a Библиогр.: с. 112-118 
606 1 |a Горные породы, кристаллические  |x Парагенезис  |2 stltpush  |3 (RuTPU)RU\TPU\subj\8124  |9 35609 
610 1 |a физико-механические свойства 
610 1 |a Кольский полуостров 
610 1 |a рудные районы 
610 1 |a кристаллические породы 
610 1 |a никеленосные породы 
610 1 |a петрофизика 
610 1 |a щелочно-ультраосновные породы 
610 1 |a Хибинский щелочной массив 
610 1 |a продуктивные толщи 
610 1 |a петрофизические исследования 
610 1 |a скважинные геофизические исследования 
675 |a 552.43  |z rus  |v 4 
712 0 2 |a Академия наук СССР (АН СССР)  |b Кольский научный центр (КолНЦ)  |b Геологический институт (ГИ)  |c (Апатиты)  |2 stltpush  |3 (RuTPU)RU\TPU\col\18176 
801 0 |a RU  |b RuMRKP  |c 19950704  |g psbo 
801 1 |a RU  |b 63413507  |c 20160227 
801 2 |a RU  |b 63413507  |c 20200720  |g RCR 
942 |c BK